Teória riadenia 3. Príklady
Saved in:
| Main Authors: | , |
|---|---|
| Format: | Book |
| Language: | Slovak |
| Published: |
Bratislava :
SVŠT v Bratislave EF,
1984
|
| Tags: |
No Tags, Be the first to tag this record!
|
MARC
| LEADER | 00000nam a22000003a 4500 | ||
|---|---|---|---|
| 001 | stu88119 | ||
| 005 | 20150617225630.4 | ||
| 008 | 040617s1984------------------------slo-d | ||
| 040 | |a STU |b slo | ||
| 041 | 0 | |a slo | |
| 080 | |a 681.511.2(075.8) | ||
| 100 | 1 | |a Hrivňák, Juraj |4 aut | |
| 245 | 1 | |a Teória riadenia 3. Príklady | |
| 260 | |a Bratislava : |b SVŠT v Bratislave EF, |c 1984 | ||
| 300 | |a 142 s | ||
| 700 | 1 | |a Spurná, Nadežda |4 aut |u E110 |U FEI Fakulta elektrotechniky a informatiky |T FEI Katedra automatizácie a regulácie |U E110 |Y 594 | |
| 996 | |b E53736 |c E*53736 |l EE01 |s A |a 24 |w stu88119_0001 | ||